000 00403cam a2200157ua 4500
041 _aeng
_h
082 _a516.24
_bNIE/PL
100 _aNielson, Kay L .
245 _aPlane spherical trigonometry /
_cKay L Nielson.
_hTextual Documents
260 _aNew York :
_bBarnes & Noble ,
_c1960.
300 _a125 ; .
504 _a
700 1 _aVanlonkhugxen, John H.
942 _cBK
999 _c5427
_d5427